000 01263nmc a2200409 a 4500
003 AR-BaBNM
005 20251128211737.0
008 056020s2004 ||||||||||||||000 | spa||
020 _a84-205-3453-6
040 _cAR-BaBNM
245 1 0 _aDidáctica de las ciencias sociales para primaria
260 _aMadrid
_bPearson-Prentice Hall
_c2004
300 0 _a477 p.
490 0 _aDidáctica. Primaria
650 4 _aENSENANZA DE LAS CIENCIAS SOCIALES
650 4 _aDIDACTICA
650 4 _aENSENANZA DE LA GEOGRAFIA
650 4 _aENSENANZA DE LA HISTORIA
650 4 _aHISTORIA DEL ARTE
650 4 _aCURRICULO
651 4 _aEspaña
653 0 _aEDUCACION PRIMARIA
653 0 _aUNIDADES DIDACTICAS
653 0 _aORGANIZACION CURRICULAR
653 0 _aESTRATEGIAS DIDACTICAS
700 1 _aMedina Rivilla, Antonio
_eprologuista
700 1 _aDomínguez Garrido, María Concepción
_ecoordinador
700 1 _aAlcaraz Montesinos, Amparo
700 1 _aAlcázar Cruz Rodríguez, María
700 1 _aGuzmán Pérez, María
700 1 _aVidal, Victoria Magdalena
700 1 _aPastor Blásquez, María Montserrat
700 1 _aRodríguez Ratia, Federico
700 1 _aSánchez Romero, Cristina
942 _cBK
998 _cme-solo cat
999 _c20920
_d20920